000 00664nam a2200289Ia 4500
005 20260324150529.0
008 008 260324s9999 xx 000 0 eng d
020 _a9781315016689
037 _aEBOOK
040 _aCRL
040 _beng
040 _cCRL
041 _2eng
041 _aeng
084 _qCRL
100 _aG. Richard Young
_91226738
245 0 _aMergers and Aquisitions
245 0 _bPlanning and Action
260 _bTaylor and Francis
260 _c1963
365 _a
365 _b420
856 _uhttp://www.taylorfrancis.com/books/9781315016689
942 _cEBOOK
999 _c1836336
_d1836336